ბათუმის შოთა რუსთაველის სახელმწიფო უნივერსიტეტის ბიბლიოთეკა

Prime Time 5. Workbook & Grammar book (ბიბ.ჩანაწერი № 51361)

000 -LEADER
fixed length control field 00616nam a2200241Ia 4500
001 - CONTROL NUMBER
control field 18343
003 - CONTROL NUMBER IDENTIFIER
control field GE_BSU
008 - FIXED-LENGTH DATA ELEMENTS--GENERAL INFORMATION
fixed length control field 181216s||||||||xx |||||||||||||| ||und||
020 ## - INTERNATIONAL STANDARD BOOK NUMBER
International Standard Book Number 9781471503221
040 ## - CATALOGING SOURCE
Transcribing agency GE_BSU
100 ## - MAIN ENTRY--PERSONAL NAME
Personal name Evans, Virginia. Dooley,Jenny
245 ## - TITLE STATEMENT
Title Prime Time 5. Workbook & Grammar book
260 ## - PUBLICATION, DISTRIBUTION, ETC.
Place of publication, distribution, etc. Newbury
260 ## - PUBLICATION, DISTRIBUTION, ETC.
Name of publisher, distributor, etc. Express Publishing
260 ## - PUBLICATION, DISTRIBUTION, ETC.
Date of publication, distribution, etc. 2013
300 ## - PHYSICAL DESCRIPTION
Extent 176p.30 cm.
653 ## - INDEX TERM--UNCONTROLLED
Uncontrolled term Prime Time 5
653 ## - INDEX TERM--UNCONTROLLED
Uncontrolled term Workbook & Grammar book
653 ## - INDEX TERM--UNCONTROLLED
Uncontrolled term გრამატიკა
653 ## - INDEX TERM--UNCONTROLLED
Uncontrolled term ინგლისური ენა
942 ## - ADDED ENTRY ELEMENTS (KOHA)
Koha item type წიგნი
ეგზემპლარები
Withdrawn status Lost status Damaged status Not for loan Date acquired Barcode Date last seen Price effective from Koha item type
        2018-12-17 46877 2018-12-17 2018-12-17 წიგნი
        2018-12-17 46878 2018-12-17 2018-12-17 წიგნი
        2018-12-17 46879 2018-12-17 2018-12-17 წიგნი
        2018-12-17 46880 2018-12-17 2018-12-17 წიგნი
        2018-12-17 46881 2018-12-17 2018-12-17 წიგნი
        2018-12-17 46882 2018-12-17 2018-12-17 წიგნი
        2018-12-17 46883 2018-12-17 2018-12-17 წიგნი
        2018-12-17 46884 2018-12-17 2018-12-17 წიგნი
        2018-12-17 46885 2018-12-17 2018-12-17 წიგნი
        2018-12-17 46886 2018-12-17 2018-12-17 წიგნი